000 00509nam a2200169Ia 4500
003 OSt
005 20191230100152.0
008 190216s9999||||xx |||||||||||||| ||und||
040 _coclc
082 _a330.0151
_bJOS/B
100 _aJoseph, K X
_9761
245 0 _aBasic Tools For Economic Analysis /
_cK X Joseph
260 _bCalicut University Central Co-Operative,
_c2005.
_aCalicut:
300 _a564p
650 _aEconomics
942 _cBK
_2ddc
_h330.0151
_iJOS/B
_k330.0151
_mJOS/B
999 _c11493
_d11493